Most Appearances in Football (Soccer) - Statistics

General Stats
  • This quiz has been taken 62 times
  • The average score is 16 of 50
Answer Stats
Position Appearances Team With Most Apps For Country Player % Correct
FWD 1093 Real Madrid Portugal Cristiano Ronaldo
90%
FWD 966 Barcelona Argentina Lionel Messi
86%
GK 1126 Juventus Italy Gianluigi Buffon
82%
MID 979 Barcelona Spain Andres Iniesta
71%
GK 1119 Real Madrid Spain Iker Casillas
71%
MID 1136 Barcelona Spain Xavi
71%
MID 1044 Chelsea England Frank Lampard
69%
GK 963 Chelsea Czech Republic Petr Cech
65%
MID 1036 Manchester United Wales Ryan Giggs
63%
FWD 961 Paris Sant-Germain Sweden Zlatan Ibrahimovic
63%
DEF 1041 AC Milan Italy Paolo Maldini
59%
DEF 1138 Real Madrid Brazil Roberto Carlos
59%
FWD 994 Arsenal France Thierry Henry
59%
FWD 1064 Real Madrid Spain Raul
51%
DEF/MID 1114 Inter Milan Argentina Javier Zanetti
49%
FWD 959 Liverpool Scotland Kenny Dalglish
49%
DEF 1015 Barcelona Brazil Dani Alves
47%
GK 1046 Arsenal England David Seaman
45%
MID 985 Barcelona Portugal Luis Figo
41%
GK 1390 Leicester City England Peter Shilton
41%
GK 1275 Sao Paolo Brazil Rogerio Ceni
35%
GK 957 Juventus Italy Dino Zoff
33%
MID 1017 AC Milan Netherlands Clarence Seedorf
29%
GK 1023 Liverpool England David James
27%
DEF 961 Manchester United Ireland Denis Irwin
27%
MID 1021 Barcelona Brazil Rivaldo
27%
FWD 994 Vasco Da Gama Brazil Romario
27%
DEF 960 West Ham United England Bobby Moore
25%
MID 987 Bayern Munich Germany Lothar Matthaus
24%
MID 972 Bayern Munich Brazil Ze Roberto
24%
GK 1020 Barcelona Spain Andoni Zubizarreta
14%
GK 1096 Tottenham Hotspur Northern Ireland Pat Jennings
14%
GK 1118 Liverpool England Ray Clemence
12%
FWD 978 Tottenham Hotspur England Teddy Sheringham
12%
GK 996 Everton Wales Neville Southall
10%
MID 1053 Everton England Allan Ball
8%
DEF 1065 Palmeiras Brazil Djalma Santos
4%
GK 1130 Cruzeiro Brazil Fabio
4%
MID 1002+ Liverpool England Ian Callaghan
4%
MID 972 Bradford City Scotland Stuart McCall
4%
MID 1019 PSV Eindhoven Belgium Timmy Simons
4%
MID 973 Manchester City Scotland Asa Hartford
2%
DEF 968 Tottenham Hotspur England Steve Perryman
2%
MID 1001 Coventry City Scotland Tommy Hutchinson
2%
MID 1064 Gamba Osaka Japan Yasuhito Endo
2%
MID 1025 Preston North End Scotland Graham Alexander
0%
MID 1092 Sao Paolo Brazil Marcelinho
0%
MID 981 Barnsley England Neil Redfearn
0%
DEF 1024 Linfield Northern Ireland Noel Bailie
0%
DEF/MID 1082 Grimsby Town England Tony Ford
0%
No matching quizzes found
Score Distribution
Percent of People with Each Score
Percentile by Number Answered
Your Score History
You have not taken this quiz